| 000 | 01143nam a22002057a 4500 | ||
|---|---|---|---|
| 003 | NALT | ||
| 005 | 20211001115217.0 | ||
| 008 | s2540 th tha d | ||
| 040 | _aNALT | ||
| 041 | _atha | ||
| 090 | _aว HF1594.55.Z4J3 ศ463ก 2540 | ||
| 100 | 0 | _aศิริพร ศุภนิมิตวิเศษกุล | |
| 245 | 1 | 0 |
_aการกำหนดนโยบายของไทยเกี่ยวกับการปรับโครงสร้างความสัมพันธ์ทาง เศรษฐกิจระหว่างไทย-ญี่ปุ่น / _cศิริพร ศุภนิมิตวิเศษกุล |
| 260 | 3 |
_aกรุงเทพฯ : _bคณะรัฐศาสตร์ มหาวิทยาลัยธรรมศาสตร์, _c2540 |
|
| 300 |
_a144 หน้า : _b ตาราง ; _c 30 ซม. |
||
| 650 | 0 | 4 | _aไทย -- ความสัมพันธ์ทางเศรษฐกิจกับต่างประเทศ -- ญี่ปุ่น |
| 850 | _aNALT | ||
| 942 |
_cRSH _2lcc |
||
| 998 |
_bBENJALUCK SUTTHIWILAI _j109 _k อารีรัตน์ วิชาช่าง |
||
| 999 |
_c31108 _d31108 |
||